<?xml version="1.0" encoding="UTF-8"?>
<record
    xmlns:xsi="http://www.w3.org/2001/XMLSchema-instance"
    xsi:schemaLocation="http://www.loc.gov/MARC21/slim http://www.loc.gov/standards/marcxml/schema/MARC21slim.xsd"
    xmlns="http://www.loc.gov/MARC21/slim">

  <leader>00866nam a22002177a 4500</leader>
  <datafield tag="952" ind1=" " ind2=" ">
    <subfield code="a">0001</subfield>
    <subfield code="b">0001</subfield>
    <subfield code="d">2024-02-20</subfield>
    <subfield code="l">0</subfield>
    <subfield code="o">BRO&#x15E;&#xDC;R 620</subfield>
    <subfield code="p">21065</subfield>
    <subfield code="r">2024-02-20 00:00:00</subfield>
    <subfield code="w">2024-02-20</subfield>
    <subfield code="y">VIS</subfield>
  </datafield>
  <datafield tag="952" ind1=" " ind2=" ">
    <subfield code="a">0001</subfield>
    <subfield code="b">0001</subfield>
    <subfield code="d">2024-02-20</subfield>
    <subfield code="l">0</subfield>
    <subfield code="o">BRO&#x15E;&#xDC;R 620</subfield>
    <subfield code="p">21066</subfield>
    <subfield code="r">2024-02-20 00:00:00</subfield>
    <subfield code="w">2024-02-20</subfield>
    <subfield code="y">VIS</subfield>
  </datafield>
  <datafield tag="952" ind1=" " ind2=" ">
    <subfield code="a">0001</subfield>
    <subfield code="b">0001</subfield>
    <subfield code="d">2024-02-20</subfield>
    <subfield code="l">0</subfield>
    <subfield code="o">BRO&#x15E;&#xDC;R 620</subfield>
    <subfield code="p">21067</subfield>
    <subfield code="r">2024-02-20 00:00:00</subfield>
    <subfield code="w">2024-02-20</subfield>
    <subfield code="y">VIS</subfield>
  </datafield>
  <datafield tag="952" ind1=" " ind2=" ">
    <subfield code="a">0001</subfield>
    <subfield code="b">0001</subfield>
    <subfield code="d">2024-02-20</subfield>
    <subfield code="l">0</subfield>
    <subfield code="o">BRO&#x15E;&#xDC;R 620</subfield>
    <subfield code="p">21068</subfield>
    <subfield code="r">2024-02-20 00:00:00</subfield>
    <subfield code="w">2024-02-20</subfield>
    <subfield code="y">VIS</subfield>
  </datafield>
  <datafield tag="952" ind1=" " ind2=" ">
    <subfield code="a">0001</subfield>
    <subfield code="b">0001</subfield>
    <subfield code="d">2024-02-20</subfield>
    <subfield code="l">0</subfield>
    <subfield code="o">BRO&#x15E;&#xDC;R 620</subfield>
    <subfield code="p">21069</subfield>
    <subfield code="r">2024-02-20 00:00:00</subfield>
    <subfield code="w">2024-02-20</subfield>
    <subfield code="y">VIS</subfield>
  </datafield>
  <datafield tag="952" ind1=" " ind2=" ">
    <subfield code="a">0001</subfield>
    <subfield code="b">0001</subfield>
    <subfield code="d">2024-02-20</subfield>
    <subfield code="l">0</subfield>
    <subfield code="o">BRO&#x15E;&#xDC;R 620</subfield>
    <subfield code="p">21070</subfield>
    <subfield code="r">2024-02-20 00:00:00</subfield>
    <subfield code="w">2024-02-20</subfield>
    <subfield code="y">VIS</subfield>
  </datafield>
  <datafield tag="952" ind1=" " ind2=" ">
    <subfield code="a">0001</subfield>
    <subfield code="b">0001</subfield>
    <subfield code="d">2024-02-20</subfield>
    <subfield code="l">0</subfield>
    <subfield code="o">BRO&#x15E;&#xDC;R 620</subfield>
    <subfield code="p">21071</subfield>
    <subfield code="r">2024-02-20 00:00:00</subfield>
    <subfield code="w">2024-02-20</subfield>
    <subfield code="y">VIS</subfield>
  </datafield>
  <datafield tag="952" ind1=" " ind2=" ">
    <subfield code="a">0001</subfield>
    <subfield code="b">0001</subfield>
    <subfield code="d">2024-02-20</subfield>
    <subfield code="l">0</subfield>
    <subfield code="o">BRO&#x15E;&#xDC;R 620</subfield>
    <subfield code="p">21072</subfield>
    <subfield code="r">2024-02-20 00:00:00</subfield>
    <subfield code="w">2024-02-20</subfield>
    <subfield code="y">VIS</subfield>
  </datafield>
  <datafield tag="999" ind1=" " ind2=" ">
    <subfield code="c">15440</subfield>
    <subfield code="d">15440</subfield>
  </datafield>
  <controlfield tag="003">MIRAKIL</controlfield>
  <controlfield tag="005">20240220101909.0</controlfield>
  <controlfield tag="008">240220b        tu ||||| |||| 00| 0 tur d</controlfield>
  <datafield tag="040" ind1=" " ind2=" ">
    <subfield code="a">TR-AnCHP</subfield>
    <subfield code="c">TR-AnCHP</subfield>
  </datafield>
  <datafield tag="041" ind1=" " ind2=" ">
    <subfield code="a">tur</subfield>
  </datafield>
  <datafield tag="082" ind1=" " ind2=" ">
    <subfield code="a">CHP 324.2372</subfield>
    <subfield code="b">C36e [t.y.]</subfield>
  </datafield>
  <datafield tag="090" ind1=" " ind2=" ">
    <subfield code="a">BRO&#x15E;&#xDC;R 620</subfield>
  </datafield>
  <datafield tag="245" ind1="1" ind2="0">
    <subfield code="a">E&#x11F;itim sistemindeki sorunlar&#x131; k&#x131;sa s&#xFC;rede &#xE7;&#xF6;zece&#x11F;iz /</subfield>
    <subfield code="c">K&#x131;l&#x131;&#xE7;daro&#x11F;lu G&#xF6;n&#xFC;ll&#xFC;leri , CHP.</subfield>
  </datafield>
  <datafield tag="260" ind1=" " ind2=" ">
    <subfield code="a">Ankara</subfield>
    <subfield code="b">CHP</subfield>
    <subfield code="c">[t.y.]</subfield>
  </datafield>
  <datafield tag="300" ind1=" " ind2=" ">
    <subfield code="a">4 s.:</subfield>
    <subfield code="b">rnkl. fotg.</subfield>
    <subfield code="c">21 cm.</subfield>
  </datafield>
  <datafield tag="600" ind1="1" ind2="4">
    <subfield code="9">1477</subfield>
    <subfield code="a">K&#x131;l&#x131;&#xE7;daro&#x11F;lu, Kemal</subfield>
    <subfield code="c">CHP Genel Ba&#x15F;kan&#x131;</subfield>
    <subfield code="x">Propaganda ve ideolojiler</subfield>
    <subfield code="y">E&#x11F;itim sistemi</subfield>
  </datafield>
  <datafield tag="600" ind1="1" ind2="4">
    <subfield code="9">1477</subfield>
    <subfield code="a">K&#x131;l&#x131;&#xE7;daro&#x11F;lu, Kemal</subfield>
    <subfield code="c">CHP Genel Ba&#x15F;kan&#x131;</subfield>
    <subfield code="x">Se&#xE7;im kampanyalar&#x131;, 2023</subfield>
  </datafield>
  <datafield tag="651" ind1=" " ind2="0">
    <subfield code="9">5416</subfield>
    <subfield code="a">T&#xFC;rkiye</subfield>
    <subfield code="x">Siyaset ve y&#xF6;netim</subfield>
    <subfield code="y">2023</subfield>
  </datafield>
  <datafield tag="856" ind1=" " ind2=" ">
    <subfield code="z">Dijital N&#xFC;shas&#x131; i&#xE7;in Partimizin K&#xFC;t&#xFC;phane Sorumlusu ile ileti&#x15F;ime ge&#xE7;iniz.</subfield>
  </datafield>
  <datafield tag="942" ind1=" " ind2=" ">
    <subfield code="2">ddc</subfield>
    <subfield code="c">BKS</subfield>
  </datafield>
</record>
